| 000 -CABECERA |
| campo de control de longitud fija |
00781nam a2200253 u 4500 |
| 001 - NÚMERO DE CONTROL |
| campo de control |
000056323 |
| 005 - FECHA Y HORA DE LA ÚLTIMA TRANSACCIÓN |
| campo de control |
20200120223232.0 |
| 008 - DATOS DE LONGITUD FIJA--INFORMACIÓN GENERAL |
| campo de control de longitud fija |
101025s2001 ck a er 000 0 spa d |
| 020 ## - NÚMERO INTERNACIONAL ESTÁNDAR DEL LIBRO |
| Número Internacional Estándar del Libro |
9580461953 |
| 043 ## - CÓDIGO DE ÁREA GEOGRÁFICA |
| Código de área geográfica |
s-ck--- |
| 090 ## - LOCALMENTE ASIGNADO TIPO-LC NÚMERO DE CLASIFICACIÓN (OCLC); NÚMERO DE CLASIFICACIÓN LOCAL (RLIN) |
| Número de clasificación (OCLC) (R) ; Numero de clasificación, CALL (RLIN) (NR) |
AT |
| Número cutter local (OCLC) ; Número de libro/Signatura topográfica íntegra, CALL (RLIN) |
SHAco |
| 100 1# - ENTRADA PRINCIPAL--NOMBRE DE PERSONA |
| Nombre de persona |
Shakespeare, William |
| 245 13 - MENCIÓN DE TÍTULO |
| Título |
La cómica historia del mercader de Venecia, también llamada el Judío de Venecia / |
| Mención de responsabilidad, etc. |
William Shakespeare; traducción de Germán Carrasco. |
| 250 ## - MENCIÓN DE EDICIÓN |
| Mención de edición |
1a. ed. |
| 260 ## - PUBLICACIÓN, DISTRIBUCIÓN, ETC. |
| Lugar de publicación, distribución, etc. |
Bogotá : |
| Nombre del editor, distribuidor, etc. |
Norma, |
| Fecha de publicación, distribución, etc. |
2001. |
| 300 ## - DESCRIPCIÓN FÍSICA |
| Extensión |
149 p. |
| 490 0# - MENCIÓN DE SERIE |
| Mención de serie |
Shakespeare por escritores |
| 650 14 - PUNTO DE ACCESO ADICIONAL DE MATERIA--TÉRMINO DE MATERIA |
| Término de materia o nombre geográfico como elemento de entrada |
Teatro inglés |
| 650 24 - PUNTO DE ACCESO ADICIONAL DE MATERIA--TÉRMINO DE MATERIA |
| Término de materia o nombre geográfico como elemento de entrada |
Comedia inglesa |
| 650 24 - PUNTO DE ACCESO ADICIONAL DE MATERIA--TÉRMINO DE MATERIA |
| Término de materia o nombre geográfico como elemento de entrada |
Literatura inglesa |
| 650 24 - PUNTO DE ACCESO ADICIONAL DE MATERIA--TÉRMINO DE MATERIA |
| Término de materia o nombre geográfico como elemento de entrada |
Corrupción en la literatura |
| 650 24 - PUNTO DE ACCESO ADICIONAL DE MATERIA--TÉRMINO DE MATERIA |
| Término de materia o nombre geográfico como elemento de entrada |
Guerra en la literatura |
| 700 1# - PUNTO DE ACCESO ADICIONAL--NOMBRE DE PERSONA |
| Nombre de persona |
Carrasco, Germán, |
| Término indicativo de función/relación |
tr. |